|
|
|
|
| LEADER |
01266nam a22003371 4500 |
| 001 |
32567 |
| 003 |
BD-DhAAL |
| 005 |
20180111161321.0 |
| 008 |
090825r19881965enkab b 000 0 eng |
| 999 |
|
|
|c 38951
|d 38951
|
| 010 |
|
|
|a 66073821
|
| 015 |
|
|
|a B66-8772
|
| 020 |
|
|
|a 0140207929
|
| 040 |
|
|
|a DLC
|c DLC
|d DLC
|b BD-DhAAL
|
| 043 |
|
|
|a e-gr---
|
| 050 |
0 |
0 |
|a DF214
|b .B8 1966
|
| 082 |
|
|
|2 23
|a 938.07
|
| 100 |
1 |
|
|a Burn, A. R.
|q (Andrew Robert),
|d 1902-
|9 24559
|
| 245 |
1 |
4 |
|a The Pelican history of Greece
|c [by] A. R. Burn.
|
| 260 |
|
|
|a Harmondsworth,
|b Penguin,
|c 1966.
|
| 300 |
|
|
|a 415 pages :
|b illustrations, maps ;
|c 19 cm.
|
| 490 |
0 |
|
|a Pelican books,
|v A792
|
| 500 |
|
|
|a Originally published as A traveller's history of Greece. London, Hodder & Stoughton, 1965.
|
| 504 |
|
|
|a Includes bibliographical references (pages 395-400)
|
| 526 |
|
|
|a AAL
|
| 541 |
|
|
|a Development Book Agency
|e 32567
|
| 651 |
|
0 |
|a Greece
|x History.
|9 24560
|
| 651 |
|
0 |
|a Greece
|x Civilization.
|9 24561
|
| 852 |
|
|
|a Ayesha Abed Library
|c General Stacks
|
| 942 |
|
|
|2 ddc
|c BK
|
| 952 |
|
|
|0 0
|1 0
|2 ddc
|4 0
|6 938_070000000000000_BUR
|7 0
|9 62557
|a BRACUL
|b BRACUL
|c GEN
|d 2018-01-10
|e Development Book Agency
|g 4600.00
|l 2
|m 8
|o 938.07 BUR
|p 3010032567
|r 2020-01-15
|s 2019-11-11
|t 1
|v 4600.00
|w 2018-01-10
|y BK
|